[Event "SVK-ch sf 31st corr"]
[Site "Slovakia"]
[Date "2003.??.??"]
[Round "?"]
[White "Gallo, Jan"]
[Black "Ressler, Vladimir"]
[Result "0-1"]
[WhiteElo "2085"]
[BlackElo "2203"]
[PlyCount "24"]
[EventDate "2003.02.24"]
[EventType "tourn (corr)"]
[EventRounds "14"]
[EventCountry "SVK"]
[SourceTitle "Corr 2004"]
[Source "ChessBase"]
[SourceDate "2003.04.28"]
[SourceVersion "3"]
[SourceVersionDate "2003.04.28"]
[SourceQuality "1"]

1. e4 Nf6 2. e5 Nd5 3. c4 Nb6 4. d4 d6 5. exd6 exd6 6. Nc3 Be7 7. Bd3 Nc6 8. Nge2 0-0 9. 0-0 Bf6 10. Be3 Bg4 11. f3 Re8 12. Bf2 Bc8 0-1

[Event "SVK-ch sf 31st corr"]
[Site "Slovakia"]
[Date "2003.??.??"]
[Round "?"]
[White "Gallo, Jan"]
[Black "Wurschner, Miroslav"]
[Result "0-1"]
[WhiteElo "2085"]
[BlackElo "2285"]
[PlyCount "46"]
[EventDate "2003.02.24"]
[EventType "tourn (corr)"]
[EventRounds "14"]
[EventCountry "SVK"]
[SourceTitle "Corr 2004"]
[Source "ChessBase"]
[SourceDate "2003.04.28"]
[SourceVersion "3"]
[SourceVersionDate "2003.04.28"]
[SourceQuality "1"]

1. d4 Nf6 2. c4 e6 3. Nc3 d5 4. cxd5 exd5 5. Bg5 Be7 6. e3 0-0 7. Bd3 Nbd7 8. Nge2 Re8 9. 0-0 h6 10. Bf4 a6 11. Qb3 c6 12. Qc2 Nf8 13. a3 Bd6 14. b4 Bg4 15. Rab1 Ne4 16. Bxd6 Nxd6 17. a4 Rc8 18. Qd2 Ne6 19. b5 axb5 20. Ng3 h5 21. f3 h4 22. Nge2 Bf5 23. e4 Bg6 0-1

[Event "SVK-ch sf 31st corr"]
[Site "Slovakia"]
[Date "2003.??.??"]
[Round "?"]
[White "Gallo, Jan"]
[Black "Zalcik, Vaclav"]
[Result "0-1"]
[WhiteElo "2085"]
[BlackElo "2143"]
[PlyCount "30"]
[EventDate "2003.02.24"]
[EventType "tourn (corr)"]
[EventRounds "14"]
[EventCountry "SVK"]
[SourceTitle "Corr 2004"]
[Source "ChessBase"]
[SourceDate "2003.04.28"]
[SourceVersion "3"]
[SourceVersionDate "2003.04.28"]
[SourceQuality "1"]

1. c4 e5 2. Nc3 Nf6 3. Nf3 Nc6 4. g3 Bb4 5. Bg2 0-0 6. 0-0 e4 7. Ng5 Bxc3 8. bxc3 Re8 9. f3 exf3 10. Nxf3 d5 11. d4 Ne4 12. Qc2 dxc4 13. Rb1 f6 14. Ne5 Nxe5 15. Bxe4 Ng6 0-1

[Event "SVK-ch sf 31st corr"]
[Site "Slovakia"]
[Date "2003.??.??"]
[Round "?"]
[White "Orolin, Jan"]
[Black "Gallo, Jan"]
[Result "1-0"]
[WhiteElo "2221"]
[BlackElo "2085"]
[PlyCount "44"]
[EventDate "2003.02.24"]
[EventType "tourn (corr)"]
[EventRounds "14"]
[EventCountry "SVK"]
[SourceTitle "Corr 2004"]
[Source "ChessBase"]
[SourceDate "2003.04.28"]
[SourceVersion "3"]
[SourceVersionDate "2003.04.28"]
[SourceQuality "1"]

1. e4 d6 2. d4 Nf6 3. Nc3 g6 4. Nf3 Bg7 5. Be2 0-0 6. 0-0 c5 7. Re1 cxd4 8. Nxd4 Nc6 9. Nxc6 bxc6 10. f3 Qb6+ 11. Kh1 Be6 12. Na4 Qa5 13. b3 d5 14. e5 Nd7 15. f4 f6 16. exf6 Nxf6 17. Bf3 Bg4 18. Bb2 Ne4 19. Rxe4 Bxf3 20. Qe1 Qxe1+ 21. Rexe1 Bxb2 22. Nxb2 Be4 1-0

[Event "SVK-ch sf 31st corr"]
[Site "Slovakia"]
[Date "2003.??.??"]
[Round "?"]
[White "Ressler, Vladimir"]
[Black "Gallo, Jan"]
[Result "1-0"]
[WhiteElo "2203"]
[BlackElo "2085"]
[PlyCount "27"]
[EventDate "2003.02.24"]
[EventType "tourn (corr)"]
[EventRounds "14"]
[EventCountry "SVK"]
[SourceTitle "Corr 2004"]
[Source "ChessBase"]
[SourceDate "2003.04.28"]
[SourceVersion "3"]
[SourceVersionDate "2003.04.28"]
[SourceQuality "1"]

1. d4 d5 2. c4 dxc4 3. Nf3 Nf6 4. Nc3 a6 5. e4 b5 6. e5 Nd5 7. a4 e6 8. axb5 Bb4 9. Qc2 Nb6 10. Qe4 Qd5 11. Qg4 axb5 12. Rxa8 Qxa8 13. Be2 Kf8 14. 0-0 1-0

[Event "SVK-Cup12 sf2 corr"]
[Site "Slovakia"]
[Date "2000.??.??"]
[Round "10"]
[White "Beles, Ondrej"]
[Black "Gallo, Jan"]
[Result "0-1"]
[WhiteElo "1891"]
[BlackElo "2034"]
[PlyCount "28"]
[EventDate "2000.07.01"]
[EventType "tourn (corr)"]
[EventRounds "12"]
[EventCountry "SVK"]
[SourceTitle "Corr 2002"]
[Source "ChessBase"]
[SourceDate "2002.05.23"]
[SourceVersion "1"]
[SourceVersionDate "2002.05.23"]
[SourceQuality "1"]

1. d4 Nf6 2. c4 g6 3. Nc3 d5 4. Nf3 Bg7 5. Bf4 0-0 6. e3 c5 7. dxc5 Ne4 8. Qc2 Nxc3 9. bxc3 Na6 10. Rd1 Nxc5 11. Rxd5 Qa5 12. Ne5 Bf5 13. Bd3 Bxe5 14. Bxe5 Bxd3 0-1

[Event "SVK-Cup12 sf2 corr"]
[Site "Slovakia"]
[Date "2000.??.??"]
[Round "13"]
[White "Gallo, Jan"]
[Black "Luptak, Peter"]
[Result "1/2-1/2"]
[WhiteElo "2034"]
[BlackElo "2039"]
[PlyCount "69"]
[EventDate "2000.07.01"]
[EventType "tourn (corr)"]
[EventRounds "12"]
[EventCountry "SVK"]
[SourceTitle "Corr 2002"]
[Source "ChessBase"]
[SourceDate "2002.05.23"]
[SourceVersion "1"]
[SourceVersionDate "2002.05.23"]
[SourceQuality "1"]

1. d4 d5 2. c4 e6 3. Nc3 Nf6 4. cxd5 Nxd5 5. e4 Nxc3 6. bxc3 c5 7. Nf3 cxd4 8. cxd4 Nc6 9. Bc4 Bb4+ 10. Bd2 Bxd2+ 11. Qxd2 0-0 12. 0-0 b6 13. Rad1 Bb7 14. d5 Na5 15. Bd3 exd5 16. exd5 Qd6 17. Rfe1 Rae8 18. Re4 Rxe4 19. Bxe4 h6 20. Qd3 Bc8 21. Nd4 Re8 22. Nb5 Qe7 23. Bf3 Qe1+ 24. Rxe1 Rxe1+ 25. Qf1 Rxf1+ 26. Kxf1 Ba6 27. Be2 Bxb5 28. Bxb5 Kf8 29. Ke2 Ke7 30. Kd3 Kd6 31. Kd4 Nb7 32. f4 Nc5 33. g4 g5 34. fxg5 hxg5 35. Be8 1/2-1/2